000 00449cam a2200169 4500
001 ABS61204
008 000000n1999 000 0 eng u
035 _a(Sirsi) u101800
245 _aRegional survey: Kent.
260 _c1999
490 _aProperty Week
_v64(36) 17 September 1999, 46-62(10)
650 _aKENT
650 _aASHFORD
650 _aMAIDSTONE
690 _aPROPERTY-COMMERCIAL PROPERTY-COMMERCIAL PROPERTY MARKET
942 _n0
999 _c60913
_d60913